Nombra los primeros 30 números primos; el último es 113 - Estadísticas

Estadísticas generales
  • Esta prueba ha sido intentada 73 veces
  • La puntuación promedio es 29 de 30
Estadísticas de respuestas
Respuesta % Correcto
3
100%
11
99%
113
97%
13
97%
17
97%
19
97%
2
97%
5
97%
7
97%
103
96%
107
96%
23
96%
29
96%
31
96%
37
96%
41
96%
43
96%
53
96%
59
96%
61
96%
67
96%
71
96%
47
96%
101
94%
109
94%
73
94%
83
94%
97
94%
79
93%
89
93%
No se encontraron pruebas coincidentes
Distribución de puntuación
Porcentaje de gente con cada puntuación
Porcentaje por número respondido
Historial de tus puntuaciones
No has intentado esta prueba.